The sponge divers /

Guardat en:
Dades bibliogràfiques
Autor principal: Clift, Charmian, 1923-1969
Altres autors: Johnston, George, 1912-1970
Format: Llibre
Publicat: London : Collins, 1956
LEADER 00770nam a2200205 4500
001 c000102315
003 CARM
005 00000000000000.0
008 980720q19531956enk u00001
019 1 |a 43700615  |z 26506545  |z 14035549  |5 LACONCORD2021 
035 |a (OCoLC)9866169  |5 LACONCORD2021 
100 1 |a Clift, Charmian,  |d 1923-1969. 
245 1 4 |a The sponge divers /  |c Charmian Clift and George Johnston 
260 |a London :  |b Collins,  |c 1956 
300 |a 318 p. ;  |c 21 cm. 
700 1 |a Johnston, George,  |d 1912-1970. 
852 8 |b CARM  |h A2:AD24A0  |i B03074  |p 0112299  |f BK 
082 0 1 |a 823.3 
999 f f |i 3b87d112-4601-52f1-a299-785110837d09  |s 72002cc4-09e1-511f-accf-8c8a9c2b4f6d 
952 f f |p Can circulate  |a CAVAL  |b CAVAL  |c CAVAL  |d CARM 1 Store  |e B03074  |f A2:AD24A0  |h Other scheme  |i book  |m 0112299